La medianería urbana en el proyecto de Código Civil y Comercial (Registro nro. 25322)

Detalles MARC
000 -LEADER
fixed length control field 00393 a2200109 4500
001 - CONTROL NUMBER
control field ART_17242
005 - DATE AND TIME OF LATEST TRANSACTION
control field 20260410161854.0
008 - FIXED-LENGTH DATA ELEMENTS--GENERAL INFORMATION
fixed length control field 260409a
100 1# - MAIN ENTRY--PERSONAL NAME
Personal name Kiper, Claudio M.
245 10 - TITLE STATEMENT
Title La medianería urbana en el proyecto de Código Civil y Comercial
773 0# - HOST ITEM ENTRY
Title Derecho privado
Related parts Reforma del Código Civil IV. Derechos Reales - Año II, Nº 5 (jun. 2013)
Record control number REV10455

No hay ítems disponibles.